| 000 | 00990nam a22002297a 4500 | ||
|---|---|---|---|
| 005 | 20170529120645.0 | ||
| 010 | _a1617EN | ||
| 020 |
_a9788123773223 _c210.00 |
||
| 035 | _aB-648515-531 | ||
| 035 | _aB-664758 | ||
| 037 |
_bStar _adpl |
||
| 082 | _a320.95456 | ||
| 100 | _aGoyel, Purushottam | ||
| 245 |
_aPolity and governance of Delhi / _cby Purushottam Goyel [and] S.K. Sharma |
||
| 260 |
_aNew Delhi _bNational Book Trust _c2016 (rpt) |
||
| 270 |
_aNehru Bhawan, 5 Institutional Area, Phase-II, Vasant Kunj, _bNew Delhi _e110070 |
||
| 300 |
_axi,226p. _c22cm(pbk) |
||
| 700 | _aSharma, S.K. | ||
| 942 |
_2ddc _cEN _mGOY _h320.95456 |
||
| 999 |
_c102137 _d102137 |
||